Catalog

Record Details

Catalog Search



Battleship : the naval combat game. (WT. 820.8 g) Cover Image Equipment, games, toys Equipment, games, toys

Battleship : the naval combat game. (WT. 820.8 g)

Hasbro, Inc., (publisher.).

Summary:

The classic naval combat game, in which players try to sink all enemy ships by calling out suspected hiding areas and keeping track of hits and misses.

Record details

  • Physical Description: 1 game (2 portable battle cases, 10 plastic ships, 2 plastic planes, 84 red "hit" pegs, 175 white "miss" pegs, label sheet, instructions) : color, plastic ; in box, 27 x 27 x 8 cm
  • Publisher: Pawtucket, RI : Hasbro, [2017]

Content descriptions

General Note:
For 2 players.
WT. 855.6 g
Target Audience Note:
Ages 7+.
Subject: Naval battles > Games.
Genre: Realia
Board games.
Puzzles and games.

Available copies

  • 1 of 1 copy available at scottsboropl.

Holds

  • 0 current holds with 1 total copy.
Show Only Available Copies
Location Call Number / Copy Notes Barcode Shelving Location Status Due Date
scottsboropl J REA Bat 32269001208191 Juvenile - Games Available -

LDR 01577crm a2200409 i 4500
001160363
003SBPL
00520230324123354.0
008180914s2017 riunnn b gneng c
0241 . ‡a630509643318
02850. ‡aC3890 ‡bHasbro
035 . ‡a(OCoLC)1052567282
050 4. ‡aGV1312 ‡b.B38 2017
24500. ‡aBattleship : ‡bthe naval combat game. (WT. 820.8 g)
264 1. ‡aPawtucket, RI : ‡bHasbro, ‡c[2017]
300 . ‡a1 game (2 portable battle cases, 10 plastic ships, 2 plastic planes, 84 red "hit" pegs, 175 white "miss" pegs, label sheet, instructions) : ‡bcolor, plastic ; ‡cin box, 27 x 27 x 8 cm
336 . ‡athree-dimensional form ‡btdf ‡2rdacontent
337 . ‡aunmediated ‡bn ‡2rdamedia
338 . ‡aother ‡bnz ‡2rdacarrier
500 . ‡aFor 2 players.
500 . ‡aWT. 855.6 g
520 . ‡aThe classic naval combat game, in which players try to sink all enemy ships by calling out suspected hiding areas and keeping track of hits and misses.
5211 . ‡aAges 7+.
650 0. ‡aNaval battles ‡vGames.
6550 . ‡aRealia
655 7. ‡aBoard games. ‡2lcgft
655 7. ‡aPuzzles and games. ‡2lcgft
7102 . ‡aHasbro, Inc., ‡epublisher.
901 . ‡a160363 ‡bAUTOGEN ‡c160363 ‡tbiblio

Additional Resources